| 000 | 01530nam a2200241 a 4500 | ||
|---|---|---|---|
| 001 | ASIN184407000X | ||
| 005 | 20170105102928.0 | ||
| 008 | 131216s2003 xxu eng d | ||
| 020 |
_a184407000X (paperback) _c$25.00 |
||
| 020 | _a9781844070008 (paperback) | ||
| 040 | _a0 | ||
| 050 | 0 | 4 | _aG1046.R1 |
| 082 | 0 | 4 |
_a327.1 _bSMI 2003 |
| 100 | 1 | _aSmith, Dan. | |
| 245 | 1 | 4 |
_aThe earthscan atlas series, 11 vols : _bthe atlas of war and peace / _cDan Smith. |
| 260 |
_a[S.l.] : _bEarthscan, _c2003. |
||
| 300 |
_a128 p. ; _c25 cm. |
||
| 520 | _aAt rare moments it seems a new era is starting before our eyes and history is about to change very fast. September 11, 2001 was such a moment. The latest edition of this classic reference takes us beyond the headlines. It provides a global overview of the causes and consequences of war today and the dynamics of peacemaking. It analyses current wars, their backgrounds, their trends and their prospects on every continent. From Iraq to Sierra Leone, the Middle East to Northern Ireland, Colombia to Afghanistan, The Atlas of War and Peace maps the problem of war and the challenge of peace in the 21st century. Its unique format gives shape and meaning to the statistics about the world's war zones and armed forces, and makes it an indispensable resource for understanding the world we live in. | ||
| 650 | 0 | _aMilitary history, Modern | |
| 650 | 0 | _aWorld politics | |
| 856 | 4 | 0 |
_3Amazon.com _uhttp://www.amazon.com/exec/obidos/ASIN/184407000X/chopaconline-20 |
| 942 |
_2ddc _cBK |
||
| 999 |
_c15929 _d15929 |
||